000 00941nam a22002177a 4500
999 _c181389
_d181389
005 20210910114954.0
010 _aENG-129907-129908
020 _a978-93-8999-147-5
_c5995.00( vol.2)
035 _a EN-113439 -40
037 _bDBAD/PUB
082 _a345.45
100 _aSarkar,Sudipto
245 _aLaw of evidence:
_cby Sudipto Sarkar,V. Kesava Rao
_bIn India,Pakistan,Bangladesh Burma,ceylon, Malaysia & Singapore//
250 _a20th ed.
260 _bLexis Nexis
_aIndia
_c2021
270 _bGurgaon
_e122002
_a14th Floor , Building No 10, Tower-B, DLF Cyber City, phase -ll
_k+91 124 4774444
_l+91 124 4774100
_mhelp.in@lexisnexis.com
300 _av.p.
_c25cm(hbk)
_bvol.1-2
500 _avol.1(sections 1 to 100) vol.2(sections 101 to 167 & appendices)
700 _aRao,V.Kesava
942 _2ddc
_cEN
_h345.45
_mSAR